Brussels Airport Destinations (Brussels, Belgium) - Statistics

General Stats
  • This quiz has been taken 372 times
    145 since last reset
  • The average score is 122 of 186
Answer Stats
Airline Destination % Correct
Air Europa/Brussels Airlines/Iberia/Ryanair Madrid
98%
KLM Amsterdam
95%
Aegean Airlines/Brussels Airlines/Sky Express Athens
95%
Brussels Airlines/Lufthansa Munich
95%
Brussels Airlines/Norwegian Air Shuttle/Scandinavian Airlines Oslo
95%
Brussels Airlines/Ryanair/Vueling Barcelona
94%
Emirates Dubai (International)
94%
Finnair Helsinki
94%
Turkish Airlines Istanbul
94%
AJet Istanbul (Sabiha Gökçen)
94%
British Airways/Brussels Airlines London (Heathrow)
94%
Egyptair Cairo
93%
Air Arabia/Royal Air Maroc/TUI fly Belgium Casablanca
93%
Brussels Airlines New York (JFK)
93%
Brussels Airlines/LOT Polish Airlines Warsaw (Chopin)
93%
Croatia Airlines Zagreb
93%
Etihad Airways Abu Dhabi
92%
Brussels Airlines/Ryanair Berlin
92%
Aer Lingus/Ryanair Dublin
92%
Brussels Airlines/easyJet/ITA Airways/Ryanair Rome (Fiumicino)
92%
Air Algérie/TUI fly Belgium Algiers
90%
Air Serbia Belgrade
90%
Brussels Airlines/Scandinavian Airlines Copenhagen
90%
Qatar Airways Doha
90%
Brussels Airlines/easyJet/Swiss International Air Lines Geneva
90%
Brussels Airlines/TAP Air Portugal Lisbon
90%
Brussels Airlines/TUI fly Belgium Paris (Charles de Gaulle)
90%
Brussels Airlines/Scandinavian Airlines Stockholm (Arlanda)
90%
Austrian Airlines/Brussels Airlines Vienna
90%
Brussels Airlines/Swiss International Air Lines Zürich
90%
FlyOne/HiSky/TAROM Bucharest (Otopeni)
89%
Brussels Airlines/easyJet/ITA Airways Milan (Linate)
89%
Brussels Airlines Milan (Malpensa)
89%
Air Canada Toronto (Pearson)
89%
Ethiopian Airlines Addis Ababa
88%
Brussels Airlines/Wizz Air Budapest
88%
Brussels Airlines/Ryanair Porto
88%
Brussels Airlines/Smartwings Prague
88%
Nouvelair/TUI fly Belgium/Tunisair Tunis
88%
Royal Jordanian Amman (Queen Alia)
87%
AJet/SunExpress Ankara
87%
Brussels Airlines/Corendon Airlines/SunExpress/TUI fly Belgium Antalya
87%
Brussels Airlines/Lufthansa Frankfurt
87%
Brussels Airlines Manchester
86%
Brussels Airlines/TUI fly Belgium Naples
86%
airBaltic Riga
86%
All Nippon Airways Tokyo (Narita)
86%
Brussels Airlines Venice
86%
Brussels Airlines Kraków
85%
Brussels Airlines/Ryanair/Transavia/TUI fly Belgium/Vueling Málaga
85%
Brussels Airlines/Royal Air Maroc/Ryanair/Transavia/TUI fly Belgium Marrakesh
85%
Brussels Airlines/easyJet Nice
85%
airBaltic Tallinn
85%
Hainan Airlines Beijing (Capital)
83%
Widerøe Bergen
83%
Brussels Airlines Edinburgh
83%
Brussels Airlines Marseille
83%
Air Arabia/Brussels Airlines/Royal Air Maroc/TUI fly Belgium Rabat
83%
Hainan Airlines/Juneyao Airlines Shanghai (Pudong)
83%
Bulgaria Air Sofia
83%
Delta Air Lines Atlanta
82%
Brussels Airlines Lyon
82%
Icelandair/Play Reykjavík
82%
Brussels Airlines Vilnius
82%
Brussels Airlines/Transavia/TUI fly Belgium/Vueling Alicante
81%
United Airlines Chicago (O'Hare)
81%
Air Canada/Air Transat Montréal (Trudeau)
81%
Air Albania/TUI fly Belgium Tirana
81%
Brussels Airlines Toulouse
81%
Brussels Airlines/Ryanair/Vueling Valencia
81%
Thai Airways International Bangkok (Suvarnabhumi)
80%
Brussels Airlines Hamburg
80%
Brussels Airlines Tel Aviv
80%
Brussels Airlines/United Airlines Washington (Dulles)
80%
Austrian Airlines/Transavia Innsbruck
77%
Corendon Airlines/SunExpress/TUI fly Belgium İzmir
77%
KM Malta Airlines Malta
77%
Singapore Airlines Singapore
77%
Aegean Airlines/Transavia/TUI fly Belgium Thessaloniki
77%
Brussels Airlines/Vueling Bilbao
76%
Brussels Airlines/easyJet/Transavia Bordeaux
76%
Brussels Airlines/Vueling Florence
76%
TUI fly Belgium Palermo
76%
TUI fly Belgium Sal
76%
Brussels Airlines Bologna
75%
Brussels Airlines Gothenburg
75%
Brussels Airlines/Transavia/TUI fly Belgium Ibiza
75%
Flynas Jeddah
75%
Brussels Airlines/Transavia/TUI fly Belgium Faro
74%
Brussels Airlines/Corendon Airlines/Ryanair/TUI fly Belgium Palma de Mallorca
74%
Brussels Airlines/TUI fly Belgium Split
74%
Transavia/Vueling Seville
73%
Brussels Airlines/Corendon Airlines/Transavia/TUI fly Belgium Tenerife (South)
73%
Transavia Bari
71%
Cathay Pacific Hong Kong
71%
Transavia Salzburg
71%
Air Arabia/Brussels Airlines/Royal Air Maroc/TUI fly Belgium Tangier
71%
TUI fly Belgium Agadir
70%
Middle East Airlines Beirut
70%
Brussels Airlines/TUI fly Belgium Dakar (Diass)
70%
Brussels Airlines/Corendon Airlines/TUI fly Belgium Rhodes
70%
Brussels Airlines/TUI fly Belgium Dubrovnik
69%
Brussels Airlines/Corendon Airlines/Transavia/SkyExpress/TUI fly Belgium Heraklion
69%
Transavia/TUI fly Belgium Santorini
69%
Brussels Airlines Accra
68%
Air Arabia/TUI fly Belgium Fès
68%
Brussels Airlines/Transavia/TUI fly Belgium Gran Canaria
68%
Brussels Airlines/Corendon Airlines/TUI fly Belgium Kos
68%
Brussels Airlines/TUI fly Belgium Catania
67%
FlyOne Chișinău
67%
Brussels Airlines/TUI fly Belgium Corfu
67%
Brussels Airlines/RwandAir Kigali
67%
Brussels Airlines Ljubljana
67%
Cyprus Airways/TUI fly Belgium Larnaca
64%
United Airlines Newark
63%
Ryanair Pisa
63%
Brussels Airlines Kinshasa (N'djili)
62%
Air Algérie/TUI fly Belgium Oran
62%
TUI fly Belgium Varna
62%
Brussels Airlines Nairobi (Jomo Kenyatta)
61%
Norwegian Air Shuttle Tromsø
61%
BH Air/Corendon Airlines/TUI fly Belgium Burgas
60%
TUI fly Belgium Menorca
60%
TUI fly Belgium Mykonos
60%
TUI fly Belgium Paphos
60%
TUI fly Belgium Pristina
60%
Brussels Airlines/TUI fly Belgium Fuerteventura
58%
Brussels Airlines/TUI fly Belgium Funchal
58%
Brussels Airlines Zadar
58%
Brussels Airlines/TUI fly Belgium Hurghada
57%
Brussels Airlines/FlyOne Yerevan
57%
Brussels Airlines/Transavia/TUI fly Belgium Zakynthos
56%
Brussels Airlines Abidjan
55%
Brussels Airlines/TUI fly Belgium Sharm El Sheikh
55%
Hainan Airlines Shenzhen
55%
Brussels Airlines/TUI fly Belgium Lanzarote
54%
Brussels Airlines Billund
50%
Transavia Montpellier
50%
Corendon Airlines/TUI fly Belgium Bodrum
49%
Brussels Airlines/TUI fly Belgium Chania
49%
TUI fly Belgium Luxor
48%
Brussels Airlines/Nouvelair/TUI fly Belgium Djerba
46%
Brussels Airlines/TUI fly Belgium Brindisi
45%
Brussels Airlines Olbia
45%
Brussels Airlines Yaoundé
45%
SunExpress Adana/Mersin
43%
Brussels Airlines/TUI fly Belgium Banjul
43%
TUI fly Belgium Murcia
42%
TUI fly Belgium Ponta Delgada
42%
TUI fly Belgium Almería
39%
TUI fly Belgium Boa Vista
38%
Corendon Airlines/SunExpress/TUI fly Belgium Dalaman
38%
Brussels Airlines Lomé
38%
Brussels Airlines Freetown
37%
Ryanair/TUI fly Belgium Girona
37%
TUI fly Belgium Marsa Alam
37%
TUI fly Belgium Constantine
36%
Air Arabia/Brussels Airlines/Royal Air Maroc/TUI fly Belgium Oujda
36%
TUI fly Belgium Tivat
36%
Brussels Airlines Conakry
35%
Brussels Airlines Douala
35%
Brussels Airlines Monastir
33%
Air Arabia/Brussels Airlines/Royal Air Maroc/TUI fly Belgium Nador
33%
Brussels Airlines Monrovia (Roberts)
32%
Brussels Airlines Ouagadougou
32%
Brussels Airlines/TUI fly Belgium Samos
32%
TUI fly Belgium Jerez de la Frontera
30%
TUI fly Belgium Lamezia Terme
30%
TUI fly Belgium Enfidha
29%
Brussels Airlines Bujumbura
27%
Brussels Airlines Entebbe
26%
SunExpress Kayseri
25%
Brussels Airlines Cotonou
24%
Air Arabia/TUI fly Belgium Tétouan
24%
TUI fly Belgium Kittilä
23%
TUI fly Belgium Reus
23%
Royal Air Maroc/TUI fly Belgium Al Hoceima
21%
Dan Air Bacău
19%
TUI fly Belgium Patras
17%
Brussels Airlines/TUI fly Belgium Mytilene
15%
TUI fly Belgium Béjaïa
14%
Amelia International/Chalair Aviation Brive
8%
Corendon Airlines/SunExpress/TUI fly Belgium Eskişehir
8%
Brussels Airlines Harstad/Narvik
6%
TUI fly Belgium Tlemcen
6%
TUI fly Belgium Sälen-Trysil
4%
No matching quizzes found
Score Distribution
Percent of People with Each Score
Percentile by Number Answered
Your Score History
You have not taken this quiz since the last reset